| 000 | 00707cam a2200205 a 4500 | ||
|---|---|---|---|
| 020 | _a0520086287 (pbk. : alk. paper) | ||
| 040 | _cDLC | ||
| 082 | 0 | 0 | _a307 UNI 1978 A068 Or. |
| 100 | 1 | _aDore, Ronald, | |
| 245 | 1 | 0 |
_aShinohata : _ba portrait of a Japanese village / |
| 260 |
_aBerkeley : _bUniversity of California Press, _cc1978 |
||
| 300 |
_a332 p. : _bill. ; _c21 cm. |
||
| 500 | _aOriginally published: New York : Pantheon Books, 1978. With a new afterword. | ||
| 500 | _aIncludes index. | ||
| 650 | 0 | _aVillages | |
| 650 | 0 | _aRural families | |
| 856 | 4 | 2 | _uhttp://www.loc.gov/catdir/bios/ucal051/93041319.html |
| 856 | 4 | 2 | _uhttp://www.loc.gov/catdir/description/ucal041/93041319.html |
| 942 | _cEK | ||
| 999 |
_c14567 _d14567 |
||